<?xml version="1.0" encoding="UTF-8"?>
<record
    xmlns:xsi="http://www.w3.org/2001/XMLSchema-instance"
    xsi:schemaLocation="http://www.loc.gov/MARC21/slim http://www.loc.gov/standards/marcxml/schema/MARC21slim.xsd"
    xmlns="http://www.loc.gov/MARC21/slim">

  <leader>00333nam a2200145Ia 4500</leader>
  <controlfield tag="008">191201s2012    xx            000 0 und d</controlfield>
  <datafield tag="082" ind1=" " ind2=" ">
    <subfield code="a">332.1</subfield>
    <subfield code="b">SEE</subfield>
  </datafield>
  <datafield tag="100" ind1=" " ind2=" ">
    <subfield code="a">SETHI,Jyotsna</subfield>
  </datafield>
  <datafield tag="245" ind1=" " ind2="0">
    <subfield code="a">Elements of Banking and Insurance</subfield>
  </datafield>
  <datafield tag="250" ind1=" " ind2=" ">
    <subfield code="a">2nd</subfield>
  </datafield>
  <datafield tag="260" ind1=" " ind2=" ">
    <subfield code="a">N. Delhi</subfield>
    <subfield code="b">PHI</subfield>
    <subfield code="c">2012</subfield>
  </datafield>
  <datafield tag="300" ind1=" " ind2=" ">
    <subfield code="a">472</subfield>
  </datafield>
  <datafield tag="650" ind1=" " ind2=" ">
    <subfield code="a">BBA</subfield>
  </datafield>
  <datafield tag="942" ind1=" " ind2=" ">
    <subfield code="2">ddc</subfield>
    <subfield code="c">BK</subfield>
  </datafield>
  <datafield tag="999" ind1=" " ind2=" ">
    <subfield code="c">5543</subfield>
    <subfield code="d">5543</subfield>
  </datafield>
  <datafield tag="952" ind1=" " ind2=" ">
    <subfield code="0">0</subfield>
    <subfield code="1">0</subfield>
    <subfield code="2">ddc</subfield>
    <subfield code="4">0</subfield>
    <subfield code="7">0</subfield>
    <subfield code="8">BBA</subfield>
    <subfield code="a">PIET</subfield>
    <subfield code="b">PIET</subfield>
    <subfield code="d">2013-02-26</subfield>
    <subfield code="e">IBH, New Delhi</subfield>
    <subfield code="g">295.00</subfield>
    <subfield code="k">22792</subfield>
    <subfield code="l">4</subfield>
    <subfield code="o">332.1 SEE</subfield>
    <subfield code="p">21325</subfield>
    <subfield code="r">2025-06-13 00:00:00</subfield>
    <subfield code="s">2025-06-11</subfield>
    <subfield code="w">2013-02-21</subfield>
    <subfield code="y">BK</subfield>
  </datafield>
  <datafield tag="952" ind1=" " ind2=" ">
    <subfield code="0">0</subfield>
    <subfield code="1">0</subfield>
    <subfield code="2">ddc</subfield>
    <subfield code="4">0</subfield>
    <subfield code="7">0</subfield>
    <subfield code="8">BBA</subfield>
    <subfield code="a">PIET</subfield>
    <subfield code="b">PIET</subfield>
    <subfield code="d">2013-02-26</subfield>
    <subfield code="e">IBH, New Delhi</subfield>
    <subfield code="g">295.00</subfield>
    <subfield code="k">22792</subfield>
    <subfield code="l">3</subfield>
    <subfield code="o">332.1 SEE</subfield>
    <subfield code="p">21326</subfield>
    <subfield code="r">2026-03-27 00:00:00</subfield>
    <subfield code="s">2026-03-17</subfield>
    <subfield code="w">2013-02-21</subfield>
    <subfield code="y">BK</subfield>
  </datafield>
  <datafield tag="952" ind1=" " ind2=" ">
    <subfield code="0">0</subfield>
    <subfield code="1">0</subfield>
    <subfield code="2">ddc</subfield>
    <subfield code="4">0</subfield>
    <subfield code="7">0</subfield>
    <subfield code="8">BBA</subfield>
    <subfield code="a">PIET</subfield>
    <subfield code="b">PIET</subfield>
    <subfield code="d">2013-02-26</subfield>
    <subfield code="e">IBH, New Delhi</subfield>
    <subfield code="g">295.00</subfield>
    <subfield code="k">22792</subfield>
    <subfield code="l">3</subfield>
    <subfield code="o">332.1 SEE</subfield>
    <subfield code="p">21327</subfield>
    <subfield code="r">2026-03-11 00:00:00</subfield>
    <subfield code="s">2026-02-25</subfield>
    <subfield code="w">2013-02-21</subfield>
    <subfield code="y">BK</subfield>
  </datafield>
  <datafield tag="952" ind1=" " ind2=" ">
    <subfield code="0">0</subfield>
    <subfield code="1">0</subfield>
    <subfield code="2">ddc</subfield>
    <subfield code="4">0</subfield>
    <subfield code="7">0</subfield>
    <subfield code="8">BBA</subfield>
    <subfield code="a">PIET</subfield>
    <subfield code="b">PIET</subfield>
    <subfield code="d">2013-02-26</subfield>
    <subfield code="e">IBH, New Delhi</subfield>
    <subfield code="g">295.00</subfield>
    <subfield code="k">22792</subfield>
    <subfield code="l">4</subfield>
    <subfield code="o">332.1 SEE</subfield>
    <subfield code="p">21328</subfield>
    <subfield code="r">2025-06-11 00:00:00</subfield>
    <subfield code="s">2025-05-27</subfield>
    <subfield code="w">2013-02-21</subfield>
    <subfield code="y">BK</subfield>
  </datafield>
  <datafield tag="952" ind1=" " ind2=" ">
    <subfield code="0">0</subfield>
    <subfield code="1">0</subfield>
    <subfield code="2">ddc</subfield>
    <subfield code="4">0</subfield>
    <subfield code="7">0</subfield>
    <subfield code="8">BBA</subfield>
    <subfield code="a">PIET</subfield>
    <subfield code="b">PIET</subfield>
    <subfield code="d">2013-02-26</subfield>
    <subfield code="e">IBH, New Delhi</subfield>
    <subfield code="g">295.00</subfield>
    <subfield code="k">22792</subfield>
    <subfield code="l">2</subfield>
    <subfield code="o">332.1 SEE</subfield>
    <subfield code="p">21329</subfield>
    <subfield code="r">2025-06-13 00:00:00</subfield>
    <subfield code="s">2025-05-29</subfield>
    <subfield code="w">2013-02-21</subfield>
    <subfield code="y">BK</subfield>
  </datafield>
</record>
